Statistics for Manie Musicale 2024 Songs

Click here to take the quiz!

General Stats

  • This quiz has been taken 7 times
  • The average score is 12 of 16

Answer Stats

Answer% Correct
Dépassé
100%
Matin Midi Soir
100%
Akwaba
75%
Casa
75%
C'est la vie
75%
Grandir
75%
Horizon
75%
Je suis fou
75%
La musique
75%
Level Up
75%
T'as le temps
75%
Travailler
75%
Tu es la
75%
Tu rayonnes
75%
Les Choses qu'on fait
50%
Rêver éveillé
50%

Score Distribution

Percentile by Number Answered

Percent of People with Each Score

Your Score History

You have not taken this quiz